Title in the Lyrics #11 - Statistics

General Stats
  • This quiz has been taken 243 times
    236 since last reset
  • The average score is 4 of 18
Answer Stats
Hint Answer % Correct
__ __ ___ ___ / And don't you come back no more, no more, no more, no more Hit the Road, Jack
69%
People try to put us down (talkin' 'bout __ _______) / Just because we get around (talkin' 'bout __ _______) My Generation
42%
I hope that someone gets my / I hope that someone gets my _______ _ _ ____ Message In a Bottle
40%
There's a ______ waiting in the sky / He'd like to come and meet us but he thinks he'd blow our minds Starman
40%
Take it! / Take another little ____ _ __ ____ now baby Piece of My Heart
34%
The answer, my friend, is ______ _ __ ___ / The answer is ______ _ __ ___ Blowin' In the Wind
33%
I'll be here 'till the end of time / So you gotta let me know / ____ _ ___ _ ____ _ __ Should I Stay Or Should I Go
29%
______ __ ____ belongs to lovers / ______ __ ____ belongs to us Because the Night
27%
What if I say I'm not another one of your plays? / You're __ ______ / What if I say that I'll never surrender? The Pretender
18%
(____ __ ____ downtown) Is where I drew some blood / (____ __ ____ downtown) I could not get enough Under the Bridge
17%
Twenty twenty twenty-four hours to go / _ ____ _ _____ I Wanna be Sedated
15%
For you I know I'd even try to turn the tide / Because you're mine, _ ___ __ ___ I Walk the Line
13%
Like a dog without a bone / An actor out on loan / _____ _ __ ____ Riders On the Storm
11%
But __ ___ _ __ ___ sees the sun going down / And the eyes in his head see the world spinning round The Fool On the Hill
6%
And so ____ ___ _ ___ melts into the sea, eventually Castles Made of Sand
4%
Oh ____ doo-bee-doo, I'm in love with you Denis
3%
Oh yeah, come one, meet me in the morning / Meet me in the middle of a ____ ____ Night Flight
3%
I know I was born and I know that I'll die / The in between is mine / _ __ ___ I Am Mine
2%
No matching quizzes found
Score Distribution
Percent of People with Each Score
Percentile by Number Answered
Your Score History
You have not taken this quiz since the last reset